| 000 | 004620000a22001810004500 | ||
|---|---|---|---|
| 003 | MACL | ||
| 005 | 20150802125838.0 | ||
| 008 | 150802b xxu||||| |||| 00| 0 eng d | ||
| 040 |
_aMACL _cMACL |
||
| 041 | _aEnglish | ||
| 082 | _a378.540/SIN | ||
| 100 |
_aSingh Vanita _94324 |
||
| 245 | _aReforms of Indian Higher Education | ||
| 260 |
_bAlfa publications _c2008 _aNew Delhi |
||
| 350 | _a690.00 | ||
| 650 |
_aEducation _94325 |
||
| 942 |
_cBK _k378.540/SIN _2ddc |
||
| 999 |
_c41335 _d41335 |
||